000 00678nab a2200181 4500
001 244442
003 OSt
005 20240409120157.0
007 tu
008 200917s2020|||||||
040 _aDE-2950
_cDE-2950
245 0 0 _aSechs Gäste und ein heiterer Talk
_bTalk-Abend. Besonders viel gesungen wurde beim 40. MOZ-Talk mit Musik, aber auch viel gelacht. Die fünf Gäste aus Politik, Musik, Fernsehen sowie ein Lachtrainer sorgten für einen unterhaltsamen Abend/
_cLisa Larossa
264 _c2024
653 _aFrankfurt (Oder)
653 _aMOZ-Talk
773 0 _g35. Jahrgang (2024) Nr. 70 vom 22.03.2024, S. 15, 16 mit Foto
_tMärkische Oderzeitung
942 _2z
_cA
999 _c373045
_d373045